000 01495nam a22004337a 4500
003 OSt
005 20230525083510.0
008 221006b |||||||| |||| 00| 0 eng d
040 _cBiblioteca Lado V
082 _a700
_bA786l
110 _9830
_aARTEDER
_eEditor
245 _aLAPIZ/
_bRevista Mensual de Arte/
260 _bFeria internacional de Bilbao
_c2000
_aEspaña
300 _c22x29cm
_a102p.
366 _espa
490 _a166
_vXIX
505 _aEditorial
_gUn remate justo
505 _aIñigo Manglonoovalle
505 _aAspectos del Arte Argentino
505 _aSobre la interpretación del arte
505 _aEntrevista con Hal Foster
505 _aLa estética del documento
505 _aUna revisión del Arte Cinético
505 _aManifiesta 3
505 _aBelkis Ayon
505 _aActualidad
505 _aCronicas de Exposiciones
505 _aPublicaciones
650 _2Tesauro de Arte & Arquitectura
_aARTE
_9703
650 _2Tesauro de Arte & Arquitectura
_aARQUITECTURA
650 _2Tesauro de Arte & Arquitectura
_aFOTOGRAFIA
_9702
650 _2Tesauro de Arte & Arquitectura
_aENTREVISTAS
650 _2Tesauro de Arte & Arquitectura
_aARQUEOLOGIA
650 _2Tesauro de Arte & Arquitectura
_aREPORTAJES
650 _2Tesauro de Arte & Arquitectura
_aLIBROS
650 _2Tesauro de Arte & Arquitectura
_aNOTICIAS
651 _2Tesauro de Arte & Arquitectura
_aSUBASTAS
942 _2ddc
_c1
_h700
_iA786l
_n0
999 _c3723
_d3723